Giáo trình lập trình hướng đối tượng Java

Nội dung tài liệu giới thiệu tổng quan về ngôn ngữ lập trình Java. Khái niệm về lập trình hướng đối tượng. Lớp, đối tượng, truyền thông điệp và gói. Mảng chuẩn, lớp arrays và khung nền tập hợp Java......

Full beskrivning

Sparad:
Bibliografiska uppgifter
Huvudupphovsman: Vũ, Duy Linh
Materialtyp: Bok
Språk:Undetermined
Publicerad: Cần Thơ Nxb. Đại học Cần Thơ 2016
Ämnen:
Taggar: Lägg till en tagg
Inga taggar, Lägg till första taggen!
Thư viện lưu trữ: Trung tâm Học liệu Trường Đại học Cần Thơ
LEADER 01032nam a2200205Ia 4500
001 CTU_211668
008 210402s9999 xx 000 0 und d
020 |c 70000 
082 |a 005.133 
082 |b L312 
100 |a Vũ, Duy Linh 
245 0 |a Giáo trình lập trình hướng đối tượng Java 
245 0 |c Vũ Duy Linh, Nguyễn Nhị Gia Vinh 
260 |a Cần Thơ 
260 |b Nxb. Đại học Cần Thơ 
260 |c 2016 
520 |a Nội dung tài liệu giới thiệu tổng quan về ngôn ngữ lập trình Java. Khái niệm về lập trình hướng đối tượng. Lớp, đối tượng, truyền thông điệp và gói. Mảng chuẩn, lớp arrays và khung nền tập hợp Java... 
650 |a Lập trình hướng đối tượng (khoa học máy tính),Object-oriented programming ( computer science ) 
904 |i Tuyến 
980 |a Trung tâm Học liệu Trường Đại học Cần Thơ